Uzbekistán jako obchodní partner
Stručná ekonomická charakteristika Uzbekistanu. Čo môže Česko ponúknuť Uzbekistanu. Spolupráce českej firmy CONTUS, a.s. s Uzbekistanom. Možnosti pre rozvoj cestovného ruchu.
Na minha lista:
| Formato: | Capítulo de Livro |
|---|---|
| Idioma: | tcheco |
| Assuntos: | |
| Tags: |
Sem tags, seja o primeiro a adicionar uma tag!
|
MARC
| LEADER | 00000naa a2200000 4500 | ||
|---|---|---|---|
| 001 | r048689 | ||
| 005 | 20230908091427.5 | ||
| 041 | 0 | |a cze | |
| 044 | |a CZ | ||
| 245 | 1 | 0 | |a Uzbekistán jako obchodní partner |
| 520 | |a Stručná ekonomická charakteristika Uzbekistanu. Čo môže Česko ponúknuť Uzbekistanu. Spolupráce českej firmy CONTUS, a.s. s Uzbekistanom. Možnosti pre rozvoj cestovného ruchu. | ||
| 610 | 2 | 0 | |a obchod zahraničný |
| 610 | 2 | 0 | |a styk zahraničnoobchodný |
| 610 | 2 | 0 | |a výmena tovarová |
| 610 | 2 | 0 | |a vývoz |
| 610 | 2 | 0 | |a Česko |
| 610 | 2 | 0 | |a Uzbekistan |